000 00700nam a2200229Ia 4500
003 GCL
008 140319s9999 xx 000 0 ara d
040 _aGCL /
_cGCL
082 0 4 _aد
_b050
_bوع
100 1 _aحسن حنفى
245 1 0 _aالعلاقات المصرية المغربية - الندوة الثانية /
_cحسن حنفى
260 _a[S.N] :
_bوزارة الثقافة ،
_c1990
300 _a448
490 _aالعظماء
_v0
650 0 4 _aمصر
650 0 4 _aالمغرب
650 0 4 _aالسياسة
650 0 4 _aالعلاقات الدولية
650 0 4 _aالعلاقات الخارجية
650 0 4 _aالعلاقات السياسية
942 _2ddc
_cCF
999 _c27430
_d27430